000 00264nam a2200097Ia 4500
001 956734
005 20250826215830.0
008 250824s9999 xx 000 0 und d
245 0 _aBAŞARIYA GÖTÜREN AİLE
_cDOĞAN CÜCELOĞLU
260 _bREMZİ KİTABEVİ YAYINLARI
999 _c956734
_d956734